| 000 | 01201nam a22003015i 4500 | ||
|---|---|---|---|
| 999 |
_c27690 _d27661 |
||
| 003 | EG-ScBUE | ||
| 005 | 20191017150939.0 | ||
| 008 | 191017s2007 ua a f b 000 0 ara d | ||
| 017 | _a2007 / 17829 | ||
| 020 | _a9774032195 | ||
| 040 |
_aEG-ScBUE _bara _erda _cEG-ScBUE _dEG-ScBUE |
||
| 043 | _aa------ | ||
| 082 | 0 | 4 |
_a327.5 _bع ل ا _222 |
| 245 | 0 | 2 |
_aالعلاقات الآسيوية - الآسيوية / _cتحرير أ. د. هدى ميتكيس. |
| 246 | 3 | 4 | _aAsian - Asian relations |
| 264 | 1 |
_aالجيزة، مصر : _bمركز الدراسات الآسيوية، كلية الاقتصاد والعلوم السياسية، جامعة القاهرة، _c2007. |
|
| 336 |
_2rdacontent _aنص _btxt |
||
| 337 |
_2rdamedia _aبدون وسيط _bn |
||
| 338 |
_2rdacarrier _aمجلد _bnc |
||
| 504 | _aيشتمل على إرجاعات ببليوجرافية. | ||
| 541 |
_aDr. Gamal Selim ; _cDonation ; |
||
| 650 | _2BUEsh | ||
| 651 | 7 |
_aآسيا _xعلاقات خارجية. _2BUEsh |
|
| 651 | 7 |
_aآسيا _xعلاقات خارجية _zالبلاد العربية. _2BUEsh |
|
| 653 |
_bMASPPSS _bBUSBOL _cOctober2019 |
||
| 700 | 1 |
_aميتكيس، هدى، _eمحرر. |
|
| 942 | _2ddc | ||